000 00305nam a22001457a 4500
008 210223b ||||| |||| 00| 0 eng d
020 _a9780176662202
041 _aeng
080 _27th
_a316
082 _a316
100 _a50
101 _aSOC
245 _aNew Society
_cBrym,J. R
942 _2udc
_cBK
999 _c55106
_d55106